000 00575nam a2200181Ia 4500
005 20250508153701.0
008 008 250505s9999 xx 000 0 eng d
037 _aTextual
040 _aFEDL
_beng
_cFEDL
041 _aeng
_2eng
084 _a375.3, HUN
_qFEDL
100 _aHunt Maurice P
_984384
245 0 _aTeaching high school social studies : Problems in reflective thinking and social understanding
260 _aNew York, USA
_bHarper and Brothers Publishers
_c1955
300 _a471p.
942 _cTEXL
_h375.3, HUN
999 _c1344757
_d1344757